Dictionary of education. (Record no. 108487)
[ view plain ]
| 000 -LEADER | |
|---|---|
| campo de control de longitud fija | 01159cam a2200337 4500 |
| 001 - NÚMERO DE CONTROL | |
| campo de control | 25273 |
| 005 - FECHA Y HORA DE LA ÚLTIMA TRANSACCIÓN | |
| campo de control | 20230411085849.0 |
| 008 - DATOS DE LONGITUD FIJA--INFORMACIÓN GENERAL | |
| campo de control de longitud fija | 060907s1959 nyu eng |
| 035 ## - NÚMERO DE CONTROL DEL SISTEMA | |
| -- | funglode25464 |
| 010 ## - NÚMERO DE CONTROL DE LA BIBLIOTECA DEL CONGRESO | |
| Número de control de LC | 59004783 |
| 035 ## - NÚMERO DE CONTROL DEL SISTEMA | |
| Número de control de sistema | (OCoLC)ocm00177055 |
| 040 ## - FUENTE DE CATALOGACIÓN | |
| Centro catalogador/agencia de origen | DLC |
| Centro/agencia transcriptor | WSU |
| Centro/agencia modificador | DLC |
| -- | SER |
| -- | NRC |
| -- | NLGGC |
| -- | LVB |
| -- | COA |
| -- | CUY |
| 019 ## - | |
| -- | 503582412 |
| -- | 635956770 |
| 029 1# - OTRO NÚMERO DE CONTROL DE SISTEMA (OCLC) | |
| Identificador de la biblioteca OCLC | NLGGC |
| Número de control de sistema | 096357908 |
| 029 1# - OTRO NÚMERO DE CONTROL DE SISTEMA (OCLC) | |
| Identificador de la biblioteca OCLC | AU@ |
| Número de control de sistema | 000008065422 |
| 029 1# - OTRO NÚMERO DE CONTROL DE SISTEMA (OCLC) | |
| Identificador de la biblioteca OCLC | DEBBG |
| Número de control de sistema | BV035208158 |
| 035 ## - NÚMERO DE CONTROL DEL SISTEMA | |
| Número de control de sistema | (OCoLC)177055 |
| Número de control cancelado/no válido | (OCoLC)503582412 |
| -- | (OCoLC)635956770 |
| 042 ## - CÓDIGO DE AUTENTICACIÓN | |
| Código de autenticación | premarc |
| 050 14 - SIGNATURA TOPOGRÁFICA DE LA BIBLIOTECA DEL CONGRESO | |
| Número de clasificación | R LB 875 |
| Número de ítem | D519d 1959 |
| 082 ## - NÚMERO DE LA CLASIFICACIÓN DECIMAL DEWEY | |
| Número de clasificación | 370.3 |
| 049 ## - FONDOS LOCALES (OCLC) | |
| Biblioteca depositaria | GRAL |
| 100 1# - ENTRADA PRINCIPAL--NOMBRE DE PERSONA | |
| Nombre de persona | Dewey, John, |
| Fechas asociadas al nombre | 1859-1952. |
| 245 10 - MENCIÓN DEL TÍTULO | |
| Título | Dictionary of education. |
| Mención de responsabilidad, etc. | Edited by Ralph B. Winn. With a foreword by John Herman Randall, Jr. |
| 260 ## - PUBLICACIÓN, DISTRIBUCIÓN, ETC. | |
| Lugar de publicación, distribución, etc. | New York : |
| Nombre del editor, distribuidor, etc. | Philosophical Library, |
| Fecha de publicación, distribución, etc. | [1959] |
| 300 ## - DESCRIPCIÓN FÍSICA | |
| Extensión | x, 150 p. |
| Dimensiones | 24 cm. |
| 650 #0 - PUNTO DE ACCESO ADICIONAL DE MATERIA--TÉRMINO DE MATERIA | |
| Término de materia o nombre geográfico como elemento de entrada | Education |
| Subdivisión de forma | Dictionaries. |
| 700 1# - ENTRADA AGREGADA--NOMBRE PERSONAL | |
| Nombre de persona | Winn, Ralph B. |
| Forma completa/desarrollada del nombre | (Ralph Bubrich), |
| Fechas asociadas al nombre | 1895- |
| Término indicativo de función/relación | ed |
| 776 08 - ENTRADA DE FORMULARIO FÍSICO ADICIONAL | |
| Información de relación | Online version: |
| Encabezamiento principal | Dewey, John, 1859-1952. |
| Título | Dictionary of education. |
| Lugar, editor y fecha de publicación | New York, Philosophical Library [1959] |
| Número de control del registro | (OCoLC)569790145 |
| 942 ## - ELEMENTOS DE ENTRADA SECUNDARIOS (KOHA) | |
| Fuente del sistema de clasificación o colocación | Clasificación de Library of Congress |
| Tipo de ítem Koha | |
| 994 ## - | |
| -- | C0 |
| -- | DRFGD |
| Estatus retirado | Estado de pérdida | Fuente del sistema de clasificación o colocación | Estado de daño | No para préstamo | Colección | Biblioteca de origen | Biblioteca actual | Ubicación en estantería | Fecha de adquisición | Signatura topográfica completa | Código de barras | Visto por última vez | Copia número | Tipo de ítem Koha |
|---|---|---|---|---|---|---|---|---|---|---|---|---|---|---|
| Clasificación de Library of Congress | Referencia | Biblioteca Juan Bosch | Biblioteca Juan Bosch | Referencia (1er. Piso) | 17/02/2019 | R LB 875 D519d 1959 | 00000026323 | 17/02/2019 | 1 |
